| 000 | 01059nam a2200253 a 4500 | ||
|---|---|---|---|
| 001 | 79582 | ||
| 003 | BD-RjUL | ||
| 005 | 20220321105645.0 | ||
| 008 | 160512s1965 ii ||||| |||| 00| 0 ben d | ||
| 035 | _a(BD-RjUL)79582 | ||
| 040 |
_aBD-RjUL _bben _cBD-RjUL |
||
| 041 | _aben | ||
| 082 |
_223 _a891.4409 _bCHP 1965 |
||
| 100 |
_aচক্রবর্তী, জাহ্নবীকুমার _9126022 |
||
| 245 | 1 | 0 |
_aপ্রাচীন ভারতীয় সাহিত্য বাঙালীর উত্তরাধিকার / _cজাহ্নবীকুমার চক্রবর্তী |
| 250 | _a১ম সং. | ||
| 260 |
_aকলকাতা : _bডি.এম. লাইব্রেরি, _c১৯৬৫ |
||
| 300 |
_aখণ্ড; _c২২ সেমি. |
||
| 500 | _aনির্ঘন্ট | ||
| 505 | _aখণ্ড. ২-- | ||
| 650 |
_a বাংলা সাহিত্য _vইতিহাস ও সমালোচনা _9117445 |
||
| 650 |
_aBengali literature _vHistory and criticism _9126023 |
||
| 942 |
_2ddc _cBK |
||
| 999 |
_c79582 _d79582 |
||